History Quiz

Random History or Year Quiz

Speed Dating Quiz Stats

 Plays Quiz Updated Mar 3, 2020

Support Sporcle.
Go Orange.
Score 0/40 Timer 04:00
1 Play Today
% Correct
1945
88.3%
1865
84.6%
2008
84.2%
1963
78.9%
1789
77.4%
1912
74.6%
1914
74.3%
1776
72.2%
1977
70.6%
79
67.8%
1974
65.3%
1996
65.1%
1803
64%
476
61.2%
1989
58.6%
2019
58%
2003
57.7%
1970
57.3%
1948
57.1%
1989
56.7%
% Correct
1666
52.4%
1991
48.3%
1967
46.2%
1997
45.7%
1939
44%
1948
42.9%
1959
42.6%
2007
42.4%
1940
42.3%
1998
40.9%
1967
40.4%
1991
39.4%
1940
39.3%
1953
38%
1936
37.2%
1927
36.2%
1938
26.7%
1930
23.7%
1955
19.7%
1922
17.4%

From the Vault

Literature Subcategory 'B'

by NO_r_WAY

Most books have a least a few Bs.
Remove Ads.
Support Sporcle.
Get the best of Sporcle when you Go Orange. This ad-free experience offers more features, more stats, and more fun while also helping to support Sporcle. Thank you for becoming a member.

Show Comments

Extras

Top Quizzes Today


Score Distribution

Your Account Isn't Verified!

In order to create a playlist on Sporcle, you need to verify the email address you used during registration. Go to your Sporcle Settings to finish the process.

Report this User

Report this user for behavior that violates our Community Guidelines.

Details: